[Event "Dallas Fall op"]
[Site "Dallas"]
[Date "2017.11.18"]
[Round "2"]
[White "Hernandez Carmenates, Holden"]
[Black "Matsenko, Sergei"]
[Result "0-1"]
[WhiteElo "2462"]
[BlackElo "2550"]
[PlyCount "66"]
[EventDate "2017.11.17"]
[EventType "swiss"]
[EventRounds "9"]
[EventCountry "USA"]
[SourceTitle "CBM 181 Extra"]
[Source "ChessBase"]
[SourceDate "2017.12.12"]
[SourceVersion "1"]
[SourceVersionDate "2017.12.12"]
[SourceQuality "1"]

1. d4 Nf6 2. c4 e6 3. Nf3 Bb4+ 4. Bd2 Qe7 5. Nc3 b6 6. g3 Bb7 7. Bg2 0-0 8. 0-0 d6 9. d5 c5 10. Nh4 Nbd7 11. e4 Ne5 12. b3 Ng6 13. Nxg6 hxg6 14. dxe6 fxe6 15. Re1 e5 16. Qe2 Rf7 17. Rad1 Raf8 18. Nb5 Ne8 19. Bxb4 Rxf2 20. Qxf2 Rxf2 21. Kxf2 cxb4 22. Nxa7 Qc7 23. Bh3 Qc5+ 24. Kf3 Qa5 25. Nb5 Qxa2 26. Be6+ Kh7 27. c5 dxc5 28. Nd6 Nc7 29. Bf7 Ba6 30. Re3 Qc2 31. Ra1 Be2+ 32. Kf2 Bg4+ 33. Kf1 Qd2 0-1

[Event "Texas Collegiate Super Finals"]
[Site "Brownsville"]
[Date "2017.10.21"]
[Round "1.1"]
[White "Dragun, Kamil"]
[Black "Hernandez Carmenates, Holden"]
[Result "1/2-1/2"]
[WhiteElo "2612"]
[BlackElo "2463"]
[PlyCount "67"]
[EventDate "2017.10.21"]
[EventType "team-tourn"]
[EventRounds "4"]
[EventCountry "USA"]
[SourceTitle "CBM 181 Extra"]
[Source "ChessBase"]
[SourceDate "2017.12.12"]
[SourceVersion "1"]
[SourceVersionDate "2017.12.12"]
[SourceQuality "1"]
[WhiteTeam "Texas Rio Grande Valley Univ"]
[BlackTeam "Texas Dallas Univ II"]
[WhiteTeamCountry "USA"]
[BlackTeamCountry "USA"]

1. e4 Nf6 2. e5 Nd5 3. d4 d6 4. Nf3 g6 5. Bc4 c6 6. 0-0 Bg7 7. exd6 Qxd6 8. c3 0-0 9. Re1 Bg4 10. Nbd2 Nd7 11. h3 Bxf3 12. Nxf3 b5 13. Bf1 e5 14. dxe5 Nxe5 15. Nxe5 Bxe5 16. a4 b4 17. cxb4 Nxb4 18. Bh6 Rfb8 19. Qxd6 Bxd6 20. Rac1 Bf8 21. Bxf8 Kxf8 22. Rc4 a5 23. Rc5 Re8 24. Rd1 Ke7 25. g3 Ra7 26. h4 Rd8 27. Re5+ Kf6 28. Rxa5 Rxa5 29. Rxd8 Rxa4 30. Rd7 Ra1 31. Kg2 Re1 32. Bc4 Re7 33. Rd8 Rc7 34. b3 1/2-1/2

[Event "World op 45th"]
[Site "Philadelphia"]
[Date "2017.07.04"]
[Round "9"]
[White "Hernandez Carmenates, Holden"]
[Black "Le, Quang Liem"]
[Result "0-1"]
[WhiteElo "2510"]
[BlackElo "2726"]
[PlyCount "148"]
[EventDate "2017.06.29"]
[EventType "swiss"]
[EventRounds "9"]
[EventCountry "USA"]
[SourceTitle "CBM 179 Extra"]
[Source "ChessBase"]
[SourceDate "2017.08.23"]
[SourceVersion "1"]
[SourceVersionDate "2017.08.23"]
[SourceQuality "1"]

1. d4 Nf6 2. c4 e6 3. Nf3 d5 4. Nc3 Bb4 5. Qa4+ Nc6 6. e3 0-0 7. Bd2 a6 8. c5 Bd7 9. Qc2 b6 10. cxb6 cxb6 11. Be2 Qb8 12. 0-0 Rc8 13. Rfc1 Na5 14. Qd1 Bd6 15. Rc2 Nc4 16. Be1 b5 17. Rac1 Ra7 18. Bd3 Rac7 19. Qe2 a5 20. Nb1 a4 21. b3 a3 22. h3 h6 23. Ne5 Nxe5 24. dxe5 Bxe5 25. Nxa3 b4 26. Rxc7 Bxc7 27. Nc2 Bh2+ 28. Kh1 Bd6 29. Rd1 e5 30. e4 d4 31. Bc4 Bc6 32. f3 Nh5 33. Qd2 Bb5 34. Rb1 Bxc4 35. bxc4 Rxc4 36. Nxb4 Nf4 37. Rb2 Qc7 38. Nd3 Ba3 39. Rb3 Rc2 40. Qa5 Qxa5 41. Bxa5 Nxd3 42. Rxd3 Rxa2 43. Bc7 f6 44. f4 Bc1 45. fxe5 Bf4 46. Kg1 Re2 47. Ba5 Bxe5 48. Bd2 h5 49. Kf1 Rxe4 50. Kf2 f5 51. Kf3 Bf6 52. Ra3 g5 53. g4 hxg4+ 54. hxg4 Rxg4 55. Ra5 Rg1 56. Rxf5 Be7 57. Kf2 Rh1 58. Kg2 Rh5 59. Rd5 Bf6 60. Kf3 Kf7 61. Ke4 Kg6 62. Be1 Rh2 63. Kf3 Kf7 64. Bg3 Ra2 65. Kg4 Kg6 66. Be5 Bxe5 67. Rxe5 Rg2+ 68. Kf3 Rh2 69. Rd5 Rh4 70. Rd6+ Kf5 71. Rd5+ Kf6 72. Kg3 Rf4 73. Kh3 Ke6 74. Rxg5 d3 0-1

[Event "World op 45th"]
[Site "Philadelphia"]
[Date "2017.07.03"]
[Round "6"]
[White "Gordievsky, Dmitry"]
[Black "Hernandez Carmenates, Holden"]
[Result "0-1"]
[WhiteElo "2613"]
[BlackElo "2510"]
[PlyCount "120"]
[EventDate "2017.06.29"]
[EventType "swiss"]
[EventRounds "9"]
[EventCountry "USA"]
[SourceTitle "CBM 179 Extra"]
[Source "ChessBase"]
[SourceDate "2017.08.23"]
[SourceVersion "1"]
[SourceVersionDate "2017.08.23"]
[SourceQuality "1"]

1. c4 e5 2. Nc3 Nf6 3. Nf3 Nc6 4. g3 Bb4 5. Nd5 e4 6. Nh4 0-0 7. Bg2 Re8 8. b3 Bf8 9. Bb2 Nxd5 10. cxd5 Nb4 11. 0-0 Nxd5 12. f3 e3 13. f4 Nf6 14. dxe3 Ng4 15. e4 Ne3 16. Qd4 Nxf1 17. Rxf1 b6 18. e3 Bb7 19. Nf5 Qf6 20. e5 Qxf5 21. Bxb7 Rad8 22. Be4 Qh5 23. Bf3 Qh6 24. Qc4 c6 25. Kg2 d5 26. Qd3 Qe6 27. h3 a5 28. a4 c5 29. Rd1 c4 30. Qc2 Bb4 31. Bd4 Qc6 32. bxc4 Qxc4 33. Qxc4 dxc4 34. Rc1 c3 35. Bc6 Re7 36. Bb5 Rc7 37. Rc2 Rcc8 38. Kf3 Bc5 39. Ke4 Kf8 40. Ba6 Ra8 41. Bc4 Rac8 42. Rxc3 Bb4 43. Rc2 Rc6 44. Kd3 Rdc8 45. f5 f6 46. e6 Bd6 47. g4 h6 48. h4 Bg3 49. Rg2 Rxc4 50. Rxg3 Rxa4 51. g5 hxg5 52. hxg5 Rd8 53. Ke4 fxg5 54. Rxg5 Rb4 55. Ke5 a4 56. e7+ Kxe7 57. Rxg7+ Kf8 58. Ra7 Kg8 59. Ke6 Re8+ 60. Kf6 b5 0-1

[Event "World op 45th"]
[Site "Philadelphia"]
[Date "2017.06.30"]
[Round "1"]
[White "Hernandez Carmenates, Holden"]
[Black "Cai, Jason"]
[Result "1-0"]
[WhiteElo "2510"]
[BlackElo "2134"]
[PlyCount "63"]
[EventDate "2017.06.29"]
[EventType "swiss"]
[EventRounds "9"]
[EventCountry "USA"]
[SourceTitle "CBM 179 Extra"]
[Source "ChessBase"]
[SourceDate "2017.08.23"]
[SourceVersion "1"]
[SourceVersionDate "2017.08.23"]
[SourceQuality "1"]

1. d4 e6 2. c4 Bb4+ 3. Bd2 a5 4. g3 f5 5. Bg2 Nf6 6. Nf3 d6 7. 0-0 Bxd2 8. Nbxd2 Nc6 9. Re1 e5 10. e4 fxe4 11. Nxe4 0-0 12. dxe5 dxe5 13. Qxd8 Rxd8 14. Nc3 Re8 15. Nd5 Nxd5 16. cxd5 Nb4 17. Rxe5 Bd7 18. a3 Nd3 19. Rxe8+ Rxe8 20. Bf1 Nxb2 21. Rb1 Na4 22. Rxb7 Nb6 23. Rxc7 Bg4 24. Nd4 Re1 25. Kg2 Kf8 26. Rc5 Rd1 27. Ne6+ Kf7 28. Rc7+ Kf6 29. Nxg7 Nxd5 30. Ne8+ Ke5 31. Rxh7 Bf5 32. Rh5 1-0

[Event "Philadelphia int op 11th"]
[Site "Philadelphia"]
[Date "2017.06.28"]
[Round "7"]
[White "Hernandez Carmenates, Holden"]
[Black "Peng, David T"]
[Result "0-1"]
[WhiteElo "2510"]
[BlackElo "2254"]
[PlyCount "82"]
[EventDate "2017.06.24"]
[EventType "swiss"]
[EventRounds "9"]
[EventCountry "USA"]
[SourceTitle "CBM 179 Extra"]
[Source "ChessBase"]
[SourceDate "2017.08.23"]
[SourceVersion "1"]
[SourceVersionDate "2017.08.23"]
[SourceQuality "1"]

1. e4 c5 2. Nc3 a6 3. g3 b5 4. Bg2 Bb7 5. Nge2 e6 6. a3 Nf6 7. d3 d5 8. exd5 Nxd5 9. Ne4 Be7 10. 0-0 0-0 11. c4 Nb6 12. Qc2 Qc7 13. cxb5 f5 14. bxa6 Nxa6 15. Nd2 Bxg2 16. Kxg2 Nb4 17. Qb1 Qb7+ 18. Kg1 Nc6 19. Qa2 Kh8 20. Qb3 Na5 21. Qc2 Nd7 22. f4 e5 23. Nf3 e4 24. Nd2 Qa6 25. Nc3 exd3 26. Qd1 c4 27. Rb1 Rab8 28. Nf3 Bc5+ 29. Kg2 Nf6 30. Re1 Ne4 31. Bd2 Qa8 32. Nxe4 fxe4 33. Ng5 e3+ 34. Kh3 exd2 35. Qh5 h6 36. Re6 Rb6 37. Nf7+ Rxf7 38. Qxf7 Rxe6 39. Qxe6 Qc6 40. Qxc6 Nxc6 41. Rd1 Bxa3 0-1

[Event "Philadelphia int op 11th"]
[Site "Philadelphia"]
[Date "2017.06.27"]
[Round "6"]
[White "Quesada Perez, Yuniesky"]
[Black "Hernandez Carmenates, Holden"]
[Result "1-0"]
[WhiteElo "2624"]
[BlackElo "2510"]
[PlyCount "59"]
[EventDate "2017.06.24"]
[EventType "swiss"]
[EventRounds "9"]
[EventCountry "USA"]
[SourceTitle "CBM 179 Extra"]
[Source "ChessBase"]
[SourceDate "2017.08.23"]
[SourceVersion "1"]
[SourceVersionDate "2017.08.23"]
[SourceQuality "1"]

1. e4 c6 2. d4 d5 3. e5 Bf5 4. Nf3 e6 5. Be2 Nd7 6. 0-0 Bb4 7. c3 Ba5 8. Nbd2 Bc7 9. Re1 Ne7 10. Nh4 0-0 11. Nxf5 Nxf5 12. Bd3 Ne7 13. Qh5 g6 14. Qh3 Kg7 15. Nf3 h5 16. Bg5 Qe8 17. Nh4 Rh8 18. Qg3 Rh7 19. Bf6+ Kf8 20. Qg5 Bd8 21. Re3 Nxf6 22. exf6 Ng8 23. Rf3 Rh6 24. Re1 Rc8 25. b4 b6 26. a4 Qd7 27. h3 c5 28. Ba6 Rc7 29. Bb5 Qd6 30. Nf5 1-0

[Event "Philadelphia int op 11th"]
[Site "Philadelphia"]
[Date "2017.06.24"]
[Round "2"]
[White "Aaron, Deepak"]
[Black "Hernandez Carmenates, Holden"]
[Result "1/2-1/2"]
[WhiteElo "2321"]
[BlackElo "2510"]
[PlyCount "83"]
[EventDate "2017.06.24"]
[EventType "swiss"]
[EventRounds "9"]
[EventCountry "USA"]
[SourceTitle "CBM 179 Extra"]
[Source "ChessBase"]
[SourceDate "2017.08.23"]
[SourceVersion "1"]
[SourceVersionDate "2017.08.23"]
[SourceQuality "1"]

1. e4 c6 2. d4 d5 3. Nc3 dxe4 4. Nxe4 Bf5 5. Ng3 Bg6 6. h4 h6 7. Nh3 e6 8. Nf4 Bh7 9. Bc4 Nf6 10. 0-0 Bd6 11. Nxe6 fxe6 12. Bxe6 Bxg3 13. fxg3 Qe7 14. Qe1 Nbd7 15. Bf4 Nf8 16. Bb3 Qxe1 17. Raxe1+ Kd7 18. Bxh6 gxh6 19. Rxf6 Bg6 20. d5 Re8 21. dxc6+ bxc6 22. Rd1+ Kc7 23. Rdd6 Be4 24. Rxh6 Nd7 25. c3 Rxh6 26. Rxh6 Rb8 27. Re6 Nc5 28. Re7+ Kd6 29. Rxa7 Nxb3 30. axb3 Rxb3 31. Ra4 Bc2 32. Rd4+ Ke5 33. Rb4 Rxb4 34. cxb4 Kf5 35. Kf2 Kg4 36. b3 Bg6 37. Ke3 Kxg3 38. Kd4 Kxh4 39. Kc5 Be8 40. Kd6 Kg3 41. Ke7 Bg6 42. Kd6 1/2-1/2

[Event "Chicago op 26th"]
[Site "Chicago"]
[Date "2017.05.29"]
[Round "8"]
[White "Grabinsky, Aaron"]
[Black "Hernandez Carmenates, Holden"]
[Result "1-0"]
[WhiteElo "2351"]
[BlackElo "2510"]
[PlyCount "89"]
[EventDate "2017.05.25"]
[EventType "swiss"]
[EventRounds "9"]
[EventCountry "USA"]
[SourceTitle "CBM 178 Extra"]
[Source "ChessBase"]
[SourceDate "2017.06.22"]
[SourceVersion "1"]
[SourceVersionDate "2017.06.22"]
[SourceQuality "1"]

1. d4 Nf6 2. Bf4 e6 3. e3 c5 4. Nf3 d5 5. c3 Nc6 6. Nbd2 Bd6 7. Bg3 0-0 8. Bd3 b6 9. Qe2 Re8 10. Ne5 Bxe5 11. dxe5 Nd7 12. f4 a5 13. c4 Nb4 14. Bb1 a4 15. a3 Nc6 16. 0-0 Nf8 17. Bd3 Ba6 18. Rac1 Qc8 19. Bh4 Ng6 20. Bg3 Na5 21. e4 dxc4 22. Nxc4 Nxc4 23. Bxc4 Bxc4 24. Qxc4 Qc6 25. Rfd1 Rad8 26. f5 b5 27. Qf1 Nf8 28. f6 Qxe4 29. fxg7 Ng6 30. Qxb5 h5 31. Re1 Qd4+ 32. Bf2 Qg4 33. Qe2 Qxe2 34. Rxe2 Rd5 35. Rc4 Nxe5 36. Rxc5 Rxc5 37. Bxc5 f6 38. Bd6 Ng6 39. Re4 Kxg7 40. Rxa4 Rc8 41. Ra7+ Kh6 42. Rc7 Ra8 43. Rc3 Ra6 44. Bc5 e5 45. b4 1-0

[Event "Chicago op 26th"]
[Site "Chicago"]
[Date "2017.05.26"]
[Round "3"]
[White "Hernandez Carmenates, Holden"]
[Black "Abdumalik, Zhansaya"]
[Result "1-0"]
[WhiteElo "2510"]
[BlackElo "2420"]
[PlyCount "101"]
[EventDate "2017.05.25"]
[EventType "swiss"]
[EventRounds "9"]
[EventCountry "USA"]
[SourceTitle "CBM 178 Extra"]
[Source "ChessBase"]
[SourceDate "2017.06.22"]
[SourceVersion "1"]
[SourceVersionDate "2017.06.22"]
[SourceQuality "1"]

1. d4 Nf6 2. c4 d6 3. Nf3 g6 4. Nc3 Bf5 5. g3 Ne4 6. Bd2 Bg7 7. Bg2 Nc6 8. Nh4 Nxd2 9. Nxf5 gxf5 10. Qxd2 0-0 11. 0-0 Bxd4 12. Bxc6 Bxc3 13. bxc3 bxc6 14. Qg5+ Kh8 15. Qxf5 e6 16. Qf3 d5 17. Rab1 Rb8 18. Rxb8 Qxb8 19. Qf6+ Kg8 20. Qg5+ Kh8 21. Qe5+ Kg8 22. Rd1 Re8 23. e4 Qd8 24. exd5 cxd5 25. Rd4 f6 26. Qh5 Qd7 27. cxd5 exd5 28. Rxd5 Re1+ 29. Kg2 Qe6 30. Qf3 Qe2 31. Qxe2 Rxe2 32. a4 Re4 33. Rd4 Re7 34. Kf3 Kf7 35. Rc4 Kg6 36. h4 h5 37. Rc5 Kh6 38. Kf4 Kg6 39. f3 Rd7 40. g4 hxg4 41. fxg4 Kh6 42. Kf5 Kg7 43. h5 Re7 44. h6+ Kf7 45. c4 a6 46. a5 c6 47. h7 Kg7 48. h8Q+ Kxh8 49. Kxf6 Rc7 50. Re5 Rc8 51. Kf7 1-0

[Event "USA-chT College final"]
[Site "New York"]
[Date "2017.03.25"]
[Round "2.1"]
[White "Hernandez Carmenates, Holden"]
[Black "Nyzhnyk, Illya"]
[Result "1/2-1/2"]
[WhiteElo "2506"]
[BlackElo "2613"]
[PlyCount "102"]
[EventDate "2017.03.25"]
[EventType "team-tourn"]
[EventRounds "3"]
[EventCountry "USA"]
[SourceTitle "CBM 178"]
[Source "ChessBase"]
[SourceDate "2017.05.14"]
[SourceVersion "1"]
[SourceVersionDate "2017.05.14"]
[SourceQuality "1"]
[WhiteTeam "Dallas Texas Univ"]
[BlackTeam "Webster Univ"]
[WhiteTeamCountry "USA"]
[BlackTeamCountry "USA"]

1. d4 d5 2. c4 e6 3. Nc3 Bb4 4. Nf3 Nf6 5. Qa4+ Nc6 6. e3 0-0 7. Bd2 Bd7 8. Qc2 Re8 9. Be2 Bd6 10. 0-0 a6 11. e4 dxe4 12. Nxe4 Nxe4 13. Qxe4 h6 14. Bc3 e5 15. dxe5 Nxe5 16. Nxe5 Bxe5 17. Bxe5 Bc6 18. Qf4 Qg5 19. Qxg5 hxg5 20. Bxc7 Rxe2 21. b4 Rc2 22. Rfc1 Rb2 23. Rcb1 Rxb1+ 24. Rxb1 Rc8 25. Bb6 Be4 26. Rc1 Bd5 27. Bc5 Be6 28. a3 g4 29. Kf1 Rc6 30. Ke1 a5 31. Kd2 axb4 32. axb4 b6 33. Bd4 Rxc4 34. Rxc4 Bxc4 35. Bxb6 Bf1 36. g3 f5 37. Ke3 Kf7 38. Kf4 g6 39. Ke5 Be2 40. Kd6 Bd3 41. Bd8 Be2 42. Bg5 Bd3 43. Kc6 Be4+ 44. Kc5 Ke6 45. b5 Bf3 46. Bd2 Kd7 47. Bc3 Ke6 48. Kd4 Bg2 49. Ke3 Bf1 50. b6 Bg2 51. Kf4 Bb7 1/2-1/2

[Event "Southwest Class-ch 8th"]
[Site "Fort Worth"]
[Date "2017.02.18"]
[Round "5"]
[White "Kaliksteyn, Alexander"]
[Black "Hernandez Carmenates, Holden"]
[Result "1/2-1/2"]
[WhiteElo "2448"]
[BlackElo "2496"]
[PlyCount "158"]
[EventDate "2017.02.16"]
[EventType "swiss"]
[EventRounds "9"]
[EventCountry "USA"]
[SourceTitle "EXT 2018"]
[Source "ChessBase"]
[SourceDate "2017.10.13"]
[SourceVersion "1"]
[SourceVersionDate "2017.10.13"]
[SourceQuality "1"]

1. d4 Nf6 2. Nf3 e6 3. Bf4 c5 4. e3 Nh5 5. Bg5 Qb6 6. Nbd2 h6 7. Bh4 g5 8. Nc4 Qd8 9. Nfd2 Ng7 10. Bg3 d5 11. Ne5 cxd4 12. exd4 h5 13. h4 Nf5 14. c3 Bg7 15. Bb5+ Nd7 16. Nxd7 Bxd7 17. Bxd7+ Kxd7 18. Qa4+ Kc8 19. hxg5 Nxg3 20. fxg3 Qxg5 21. 0-0 Qe7 22. Nf3 Qd7 23. Qa5 f6 24. Rae1 Re8 25. Re2 Qc6 26. Rfe1 Kd7 27. Nh4 Bf8 28. Ng6 Bd6 29. Nf4 Bc7 30. Qa3 e5 31. dxe5 fxe5 32. Nd3 e4 33. Nc5+ Qxc5+ 34. Qxc5 Bb6 35. Qxb6 axb6 36. a3 Kc6 37. Rf2 Re5 38. Rf6+ Kc5 39. Kf2 Rg8 40. Rd1 Rgg5 41. Rd4 Rgf5+ 42. Rxf5 Rxf5+ 43. Ke2 b5 44. Rb4 Rg5 45. Kf2 Rg4 46. Rb3 Rg8 47. Rb4 Rf8+ 48. Ke2 Rg8 49. Kf2 Rg4 50. Rb3 Rg6 51. Rb4 Ra6 52. Rd4 Ra8 53. Rd1 Rf8+ 54. Ke2 Rf5 55. Rd4 Rg5 56. Kf2 Rg4 57. Rd1 b6 58. Rd2 Kd6 59. Rd4 h4 60. gxh4 Rxh4 61. Rd1 Rh8 62. Ke2 Ke5 63. Kf2 b4 64. axb4 Ra8 65. Ke3 Rg8 66. Kf2 Rg5 67. Rh1 d4 68. cxd4+ Kxd4 69. Rd1+ Kc4 70. Rd2 Kxb4 71. Rd4+ Kb3 72. Rxe4 b5 73. Re2 b4 74. g3 Ka2 75. Kf3 b3 76. g4 Rc5 77. Rg2 Rc2 78. g5 Kxb2 79. g6 Rxg2 1/2-1/2

[Event "Southwest Class-ch 8th"]
[Site "Fort Worth"]
[Date "2017.02.17"]
[Round "2"]
[White "Hernandez Carmenates, Holden"]
[Black "Patel, Advait"]
[Result "1-0"]
[WhiteElo "2496"]
[BlackElo "2377"]
[PlyCount "69"]
[EventDate "2017.02.16"]
[EventType "swiss"]
[EventRounds "9"]
[EventCountry "USA"]
[SourceTitle "EXT 2018"]
[Source "ChessBase"]
[SourceDate "2017.10.13"]
[SourceVersion "1"]
[SourceVersionDate "2017.10.13"]
[SourceQuality "1"]

1. d4 Nf6 2. c4 g6 3. f3 Bg7 4. e4 d6 5. Nc3 a6 6. Be3 c6 7. Qd2 b5 8. 0-0-0 bxc4 9. Bxc4 d5 10. Bb3 dxe4 11. Bh6 e3 12. Qxe3 0-0 13. h4 Nd5 14. Bxd5 cxd5 15. h5 Bxh6 16. Qxh6 Qd6 17. Nh3 Bxh3 18. Rxh3 Nd7 19. hxg6 Nf6 20. gxh7+ Kh8 21. f4 Ne4 22. Qxd6 exd6 23. Re1 Rac8 24. Kb1 Rfe8 25. Nxe4 dxe4 26. Rh6 d5 27. Rh5 Red8 28. Rc1 Rc4 29. Rxc4 dxc4 30. d5 e3 31. Kc2 f6 32. Kd1 Rb8 33. d6 Rxb2 34. Rd5 Rb1+ 35. Ke2 1-0

[Event "Chicago op 25th"]
[Site "Chicago"]
[Date "2016.05.29"]
[Round "7"]
[White "Eckert, Doug D"]
[Black "Hernandez Carmenates, Holden"]
[Result "0-1"]
[WhiteElo "2152"]
[BlackElo "2518"]
[PlyCount "62"]
[EventDate "2016.05.26"]
[EventType "swiss"]
[EventRounds "9"]
[EventCountry "USA"]
[SourceTitle "CBM 172 Extra"]
[Source "ChessBase"]
[SourceDate "2016.06.21"]
[SourceVersion "1"]
[SourceVersionDate "2016.06.21"]
[SourceQuality "1"]

1. c4 Nf6 2. g3 e6 3. Bg2 d5 4. Nf3 dxc4 5. Na3 Bxa3 6. bxa3 0-0 7. Qc2 Qd5 8. Bb2 Nbd7 9. Rc1 Nb6 10. 0-0 Qb5 11. a4 Qxa4 12. Qxa4 Nxa4 13. Bxf6 gxf6 14. Rxc4 Nb6 15. Rxc7 Rd8 16. d3 Nd5 17. Rc4 e5 18. Nd2 Be6 19. a3 Rab8 20. Ne4 b6 21. Rfc1 Kf8 22. Nc3 Nxc3 23. R4xc3 b5 24. f4 a5 25. fxe5 b4 26. axb4 axb4 27. Rc7 b3 28. Bb7 Rd4 29. exf6 b2 30. Rb1 Rb4 31. Ba6 Ra4 0-1

[Event "Chicago op 25th"]
[Site "Chicago"]
[Date "2016.05.28"]
[Round "4"]
[White "Hernandez Carmenates, Holden"]
[Black "Lee, Michael"]
[Result "0-1"]
[WhiteElo "2518"]
[BlackElo "2433"]
[PlyCount "84"]
[EventDate "2016.05.26"]
[EventType "swiss"]
[EventRounds "9"]
[EventCountry "USA"]
[SourceTitle "CBM 172 Extra"]
[Source "ChessBase"]
[SourceDate "2016.06.21"]
[SourceVersion "1"]
[SourceVersionDate "2016.06.21"]
[SourceQuality "1"]

1. d4 Nf6 2. Nf3 e6 3. c4 b6 4. Nc3 Bb4 5. Qc2 Bb7 6. a3 Bxc3+ 7. Qxc3 0-0 8. g3 d5 9. Bg2 dxc4 10. Qxc4 Bd5 11. Qd3 Nbd7 12. b4 e5 13. dxe5 Nxe5 14. Nxe5 Bxg2 15. Qxd8 Rfxd8 16. Rg1 Bb7 17. Bg5 a5 18. bxa5 Rxa5 19. f4 Rda8 20. Bxf6 gxf6 21. Ng4 Kg7 22. Kf2 Rxa3 23. Rac1 Re8 24. Ra1 Rb3 25. Rgb1 Rxb1 26. Rxb1 Be4 27. Rb5 Re6 28. Ne3 Kf8 29. g4 Bb7 30. h3 Re4 31. f5 Rf4+ 32. Kg3 Ra4 33. Rb2 Ke7 34. Kh4 Ra3 35. Rc2 Kd7 36. Nc4 Rb3 37. Nd2 Re3 38. Nf1 Ra3 39. Ng3 c5 40. Nh5 Ke7 41. Rb2 c4 42. Rxb6 Rb3 0-1